|
|
|
|
| LEADER |
01018nam a2200265 a 4500 |
| 001 |
4505663 |
| 008 |
090706s1999 enk b 001 0 eng d |
| 010 |
|
|
|a 98012923
|
| 020 |
|
|
|a 0521431174(hardback)
|
| 020 |
|
|
|a 052164920X
|
| 040 |
|
|
|a DLC
|c DLC
|d DLC
|
| 082 |
0 |
0 |
|a 811/.52
|2 21
|
| 999 |
|
|
|c 2058
|d 2058
|
| 999 |
|
|
|c 2058
|
| 245 |
0 |
4 |
|a The Cambridge companion ti Ezra Pound /
|c edited by Ira B. Nadal.
|
| 246 |
3 |
0 |
|a Ezra Pound
|
| 260 |
|
|
|a Cambridge, England ;
|a New York :
|b Cambridge University Press,
|c 1999
|
| 300 |
|
|
|a xxxi, 318 p. ;
|c 24 cm.
|
| 504 |
|
|
|a includes bibliographic references (p. 301- 305) and index
|
| 541 |
|
|
|a 00016591
|
| 600 |
1 |
0 |
|a Pound, Ezra ,
|d 1885-1972
|x Criticism and interpretation
|x Hnadbooks, Manuals,etc.
|9 1468
|
| 700 |
1 |
|
|a Nadal, Ira Bruce.
|9 1469
|
| 852 |
4 |
|
|a Ayesha Abed Library
|j General Shelf.
|
| 942 |
|
|
|2 ddc
|c BK
|
| 952 |
|
|
|0 0
|1 0
|2 ddc
|4 0
|6 811_520000000000000_CAM
|7 0
|9 17651
|a BRACUL
|b BRACUL
|c GEN
|d 2011-07-28
|l 2
|m 4
|o 811.52 CAM
|p 3010016591
|r 2015-07-28
|s 2015-07-13
|t 1
|w 2011-07-28
|y BK
|